İstanbul'un mahalleleri - Anadolu Yakası - Statistics

General Stats
  • This quiz has been taken 32 times
    31 since last reset
  • The average score is 73 of 364
Answer Stats
Cevap % Correct
Göztepe
71%
Bostancı
68%
Beykoz Merkez
61%
Erenköy
61%
Suadiye
61%
Yeni
61%
Acıbadem
57%
Barbaros
57%
Heybeliada
57%
Kurtköy
57%
Altunizade
54%
Atatürk
54%
Bulgurlu
54%
Çengelköy
54%
Fikirtepe
54%
Burgazada
50%
Kınalıada
50%
Merkez
50%
Ünalan
50%
Cevizli
46%
Fenerbahçe
46%
İdealtepe
46%
Kısıklı
46%
Kozyatağı
46%
Cumhuriyet
43%
Cumhuriyetköy
43%
Feneryolu
43%
Maden
43%
Atalar
39%
Bağlarbaşı
39%
Beylerbeyi
39%
Caferağa
39%
Çakmak
39%
Esatpaşa
39%
Hasanpaşa
39%
Koşuyolu
39%
Küçük Çamlıca
39%
Küçükyalı Merkez
39%
Merdivenköy
39%
Mimar Sinan
39%
Örnek
39%
Yenisahra
39%
Altıntepe
36%
Anadolu
36%
Burhaniye
36%
Büyükbakkalköy
36%
Caddebostan
36%
Esenkent
36%
Fatih
36%
Gülsuyu
36%
İçerenköy
36%
Küçükbakkalköy
36%
Mehmet Akif
36%
Orta
36%
Anadolu Kavağı
32%
Eğitim
32%
Ferah
32%
Ferhatpaşa
32%
İnönü
32%
Kayışdağı
32%
Kuzguncuk
32%
Mustafa Kemal
32%
Nizam
32%
Ömerli
32%
Yalı
32%
Yenişehir
32%
Zümrütevler
32%
19 Mayıs
29%
Bahçelievler
29%
Doğu
29%
Dumlupınar
29%
Fevzi Çakmak
29%
İçmeler
29%
Kanlıca
29%
Kaynarca
29%
Küçüksu
29%
Küplüce
29%
Osmanağa
29%
Salacak
29%
Selimiye
29%
Şeyhli
29%
Uğur Mumcu
29%
Yavuztürk
29%
Yayalar
29%
Yukarı
29%
Yukarı Dudullu
29%
Ağva Merkez
25%
Anadolu Hisarı
25%
Aydınlı
25%
Aydıntepe
25%
Batı
25%
Çamlık
25%
Esenevler
25%
Fetih
25%
İcadiye
25%
Kirazlıtepe
25%
Mehmet Akif Ersoy
25%
Mevlana
25%
Riva
25%
Sahrayicedit
25%
Sanayi
25%
Valide-i Atik
25%
Yunus
25%
Zeynep Kamil
25%
Ahmediye
21%
Akfırat
21%
Altınşehir
21%
Aşağı Dudullu
21%
Aziz Mahmut Hüdayi
21%
Başıbüyük
21%
Çavuş
21%
Çınar
21%
Esentepe
21%
Hekimbaşı
21%
Ihlamurkuyu
21%
İnkılap
21%
Kandilli
21%
Kazım Karabekir
21%
Necip Fazıl
21%
Orhanlı
21%
Paşabahçe
21%
Rasimpaşa
21%
Şifa
21%
Soğanlık Yeni
21%
Tatlısu
21%
Tepeören
21%
Acarlar
18%
Atakent
18%
Cami
18%
Elmalı
18%
Esenşehir
18%
Esenyalı
18%
Finanskent
18%
Girne
18%
Göksu
18%
Gülensu
18%
Güzeltepe
18%
Güzelyalı
18%
Huzur
18%
Kadıköy
18%
Kordonboyu
18%
Kuleli
18%
Kurna
18%
Madenler
18%
Murat Reis
18%
Namık Kemal
18%
Selami Ali
18%
Şerifali
18%
Site
18%
Tantavi
18%
Tepeüstü
18%
Velibaba
18%
Yaka
18%
Yamanevler
18%
Zühtüpaşa
18%
Adem Yavuz
14%
Anadolufeneri
14%
Aydınevler
14%
Ballıca
14%
Elmalıkent
14%
Fındıklı
14%
Hamidiye
14%
İstasyon
14%
İstiklal
14%
Kurtdoğmuş
14%
Parseller
14%
Petrol İş
14%
Sarıgazi
14%
Sultançiftliği
14%
Sultantepe
14%
Tokatköy
14%
Topağacı
14%
Yeni Çamlıca
14%
Yeni Mahalle
14%
Ahmetli
11%
Alemdağ
11%
Armağanevler
11%
Aşık Veysel
11%
Aydınlar
11%
Çınardere
11%
Çubuklu
11%
Emirli
11%
Ertuğrul Gazi
11%
Esenler
11%
Göçbeyli
11%
İshaklı
11%
Kavacık
11%
Kurfallı
11%
Mahmutşevketpaşa
11%
Mecidiye
11%
Meclis
11%
Merve
11%
Nişantepe
11%
Orhangazi
11%
Orhan Gazi
11%
Orhantepe
11%
Osmangazi
11%
Paşamandıra
11%
Postane
11%
Poyrazköy
11%
Reşadiye
11%
Sapan Bağları
11%
Sülüntepe
11%
Taşdelen
11%
Topselvi
11%
Turgut Reis
11%
Yakacık Yeni
11%
Yavuzselim
11%
Yavuz Selim
11%
Yenidoğan
11%
Yeniköy
11%
Yeşilbağlar
11%
Abdurrahmangazi
7%
Adil
7%
Akbaba
7%
Akpınar
7%
Alibahadır
7%
Altayçeşme
7%
Avcıkoru
7%
Balibey
7%
Battalgazi
7%
Bozhane
7%
Çatalmeşe
7%
Çavuşbaşı Çiftlik
7%
Çavuşoğlu
7%
Çengeldere
7%
Darlık
7%
Değirmençayırı
7%
Dereseki
7%
Ekşioğlu
7%
Erenler
7%
Esenceli
7%
Evliya Çelebi
7%
Feyzullah
7%
Göllü
7%
Güllü Bağlar
7%
Gümüşpınar
7%
Harmandere
7%
Hürriyet
7%
İncirköy
7%
Karlıktepe
7%
Kavakpınar
7%
Kemal Türkler
7%
Kılıçlı
7%
Kızılca
7%
Örnekköy
7%
Ortaçeşme
7%
Paşaköy
7%
Safa
7%
Sahilköy
7%
Sofular
7%
Soğuksu
7%
Teke
7%
Ulupelit
7%
Yakacık Çarşı
7%
Yalıköy
7%
Zerzevatçı
7%
Ahmet Yesevi
4%
Akşemseddin
4%
Baklacı
4%
Bıçkıdere
4%
Çamçeşme
4%
Çamlıbahçe
4%
Çayırbaşı
4%
Çelebi
4%
Cemil Meriç
4%
Çiğdem
4%
Emek
4%
Eyüp Sultan
4%
Fatih Sultan Mehmet
4%
Görele
4%
Gümüşsuyu
4%
Güngören
4%
Hacıkasım
4%
Hacıllı
4%
Hasanlı
4%
Hilal
4%
Hüseyinli
4%
İmrenli
4%
Kalem
4%
Karacaköy
4%
Karakiraz
4%
Kervansaray
4%
Kirazlıdere
4%
Koçullu
4%
Kömürlük
4%
Kumbaba
4%
Mescit
4%
Meşrutiyet
4%
Öğümce
4%
Polenezköy
4%
Ramazanoğlu
4%
Rüzgarlıbahçe
4%
Soğullu
4%
Üvezli
4%
Veysel Karani
4%
Yunus Emre
4%
Ağaçdere
0%
Akçakese
0%
Alacalı
0%
Bozgoca
0%
Bucaklı
0%
Çataklı
0%
Çengilli
0%
Doğancılı
0%
Geredeli
0%
Göçe
0%
Gökmaşlı
0%
İmrendere
0%
İsaköy
0%
Kabakoz
0%
Karabeyli
0%
Karamandere
0%
Korucu
0%
Oruçoğlu
0%
Osmanköy
0%
Ovacık
0%
Satmazlı
0%
Sırapınar
0%
Soğukpınar
0%
Sortullu
0%
Şuayipli
0%
Yaylalı
0%
Yaylı
0%
Yazımanayır
0%
Yeşilvadi
0%
No matching quizzes found
Score Distribution
Percent of People with Each Score
Percentile by Number Answered
Your Score History
You have not taken this quiz since the last reset